[Event "Tasnad Orasului Cup"]
[Site "Tasnad"]
[Date "2021.09.09"]
[Round "1"]
[White "Guivan, Vasily"]
[Black "Manolache, Marius"]
[Result "0-1"]
[WhiteElo "1960"]
[BlackElo "2520"]
[PlyCount "134"]
[EventDate "2021.09.09"]
[EventType "swiss"]
[EventRounds "7"]
[EventCountry "ROU"]
[SourceTitle "CBM 204 Extra"]
[Source "ChessBase"]
[SourceDate "2021.11.30"]
[SourceVersion "1"]
[SourceVersionDate "2021.11.30"]
[SourceQuality "1"]

1. d4 Nf6 2. Bf4 d6 3. e3 g6 4. Nf3 Bg7 5. h3 0-0 6. Nbd2 Nfd7 7. Bh2 e5 8. dxe5 dxe5 9. Nc4 e4 10. Nd4 a6 11. a4 b6 12. Be2 Nc5 13. 0-0 Qe7 14. b4 Ne6 15. c3 h5 16. Qc2 Ng5 17. a5 b5 18. Nd2 Bb7 19. N2b3 Nd7 20. c4 bxc4 21. Qxc4 Rfc8 22. Nc5 Nxc5 23. Qxc5 Qxc5 24. bxc5 Bd5 25. Rfd1 Ne6 26. Nxe6 fxe6 27. Rab1 Bc3 28. Rdc1 Bxa5 29. Be5 Ra7 30. Ra1 Bb4 31. Rxa6 Rxa6 32. Bxa6 Ra8 33. Bb5 c6 34. Be2 Ra7 35. g4 hxg4 36. hxg4 Ba3 37. Rb1 Bxc5 38. Rb8+ Kf7 39. g5 Bf8 40. Bd4 Rc7 41. Bb6 Rd7 42. Ba6 Bd6 43. Rh8 Kg7 44. Re8 Kf7 45. Rh8 Be5 46. Rc8 Re7 47. Ra8 Bd6 48. Bd8 Rd7 49. Bf6 Be7 50. Be5 Bxg5 51. Rh8 Rd8 52. Rh7+ Ke8 53. Rg7 Be7 54. Rxg6 Kd7 55. Rg7 Rf8 56. Be2 Ke8 57. Bh5+ Kd8 58. Bd4 c5 59. Bc3 Kd7 60. Be2 Kd6 61. Bd1 Bh4 62. Ba5 Ra8 63. Bc7+ Kc6 64. Bh5 Bf6 65. Rh7 c4 66. Bf4 c3 67. Rf7 Bd8 0-1

[Event "HUN-chT2 Barcza 1819"]
[Site "Hungary"]
[Date "2019.02.24"]
[Round "8.8"]
[White "Kantor, Jozsef"]
[Black "Guivan, Vasily"]
[Result "0-1"]
[WhiteElo "1900"]
[BlackElo "2053"]
[PlyCount "51"]
[EventDate "2018.09.23"]
[EventType "team-tourn"]
[EventRounds "11"]
[EventCountry "HUN"]
[SourceTitle "CBM 189 Extra"]
[Source "ChessBase"]
[SourceDate "2019.06.03"]
[SourceVersion "1"]
[SourceVersionDate "2019.06.03"]
[SourceQuality "1"]
[WhiteTeam "Mezokovesd"]
[BlackTeam "Nyiregyhaza SISE"]
[WhiteTeamCountry "HUN"]
[BlackTeamCountry "HUN"]

1. d4 Nf6 2. Nf3 g6 3. g3 Bg7 4. Bg2 c5 5. 0-0 cxd4 6. Nxd4 0-0 7. c3 d5 8. Nd2 e5 9. Nc2 Nc6 10. c4 Be6 11. cxd5 Bxd5 12. e4 Be6 13. Ne3 Rc8 14. Ndc4 b5 15. Na3 Nd4 16. Bd2 Qd7 17. Bb4 Rfe8 18. b3 Bh3 19. f3 Bh6 20. Qe1 Be6 21. Rf2 a5 22. Bd2 Bf8 23. b4 Red8 24. Rb1 Qa7 25. Nf1 axb4 26. Bxb4 0-1

[Event "HUN-chT2 Barcza 1819"]
[Site "Hungary"]
[Date "2018.11.18"]
[Round "4.7"]
[White "Bodnar, Mate"]
[Black "Guivan, Vasily"]
[Result "0-1"]
[WhiteElo "1835"]
[BlackElo "2053"]
[PlyCount "102"]
[EventDate "2018.09.23"]
[EventType "team-tourn"]
[EventRounds "11"]
[EventCountry "HUN"]
[SourceTitle "CBM 189 Extra"]
[Source "ChessBase"]
[SourceDate "2019.06.03"]
[SourceVersion "1"]
[SourceVersionDate "2019.06.03"]
[SourceQuality "1"]
[WhiteTeam "Debrecen Sakkbaratok"]
[BlackTeam "Nyiregyhaza SISE"]
[WhiteTeamCountry "HUN"]
[BlackTeamCountry "HUN"]

1. e4 c5 2. Na3 e6 3. c3 Nc6 4. f4 Nf6 5. d3 d5 6. e5 Nd7 7. Nc2 d4 8. Nf3 f6 9. cxd4 cxd4 10. Nh4 Qe7 11. g3 fxe5 12. Bg2 exf4 13. 0-0 Nf6 14. Bxf4 Qc5 15. Rc1 Be7 16. Na3 Qb6 17. Nc4 Qd8 18. Ne5 Nxe5 19. Bxe5 0-0 20. h3 Nd7 21. Bxd4 Nc5 22. Rxf8+ Bxf8 23. Nf3 b6 24. Bxc5 bxc5 25. Ne5 Qd4+ 26. Kh1 Qxe5 27. Bxa8 Qxg3 28. Qf3 Qd6 29. Rf1 Qe7 30. Be4 g6 31. Qf6 Qxf6 32. Rxf6 Bg7 33. Rf1 Bd7 34. Re1 Bd4 35. b3 e5 36. Rf1 Bxh3 37. Bd5+ Kg7 38. Rf7+ Kh6 39. Kh2 Bf5 40. Be4 Kg5 41. Kg3 h5 42. Rh7 h4+ 43. Kh2 Bg4 44. Rf7 Be3 45. Rxa7 c4 46. Rc7 Bf4+ 47. Kh1 cxd3 48. Bxd3 Bf3+ 49. Kg1 e4 50. Rc5+ Kg4 51. Rd5 h3 0-1

[Event "HUN-chT2 Barcza 1819"]
[Site "Hungary"]
[Date "2018.10.28"]
[Round "3.8"]
[White "Trembacz, Laszlo"]
[Black "Guivan, Vasily"]
[Result "0-1"]
[WhiteElo "1987"]
[BlackElo "2053"]
[PlyCount "64"]
[EventDate "2018.09.23"]
[EventType "team-tourn"]
[EventRounds "11"]
[EventCountry "HUN"]
[SourceTitle "CBM 189 Extra"]
[Source "ChessBase"]
[SourceDate "2019.06.03"]
[SourceVersion "1"]
[SourceVersionDate "2019.06.03"]
[SourceQuality "1"]
[WhiteTeam "Nyiregyhaza"]
[BlackTeam "Nyiregyhaza SISE"]
[WhiteTeamCountry "HUN"]
[BlackTeamCountry "HUN"]

1. e4 e6 2. d4 d5 3. e5 c5 4. c3 Nc6 5. Nf3 Qb6 6. Bd3 cxd4 7. cxd4 Bd7 8. Nc3 f6 9. 0-0 fxe5 10. dxe5 a6 11. Re1 Bc5 12. Qe2 Nb4 13. Bb1 Nh6 14. h3 Nf7 15. a3 Nc6 16. Na4 Nd4 17. Nxb6 Nxe2+ 18. Rxe2 Bxb6 19. Bd3 Rc8 20. Bd2 0-0 21. Bc3 Nh6 22. Nd4 Rf4 23. Nf3 Bb5 24. Rd1 Nf5 25. Ng5 Ng3 26. Rc2 Ba4 27. Bxh7+ Kh8 28. Rdd2 Rxf2 29. Rxf2 Bxc2 30. Bxc2 d4 31. Bb4 d3 32. Bxd3 Rc1+ 0-1

[Event "HUN-chT2 Barcza 1718"]
[Site "Hungary"]
[Date "2018.03.04"]
[Round "9.4"]
[White "Forgacs, Jozsef"]
[Black "Guivan, Vasily"]
[Result "1-0"]
[WhiteElo "2204"]
[BlackElo "2074"]
[PlyCount "135"]
[EventDate "2017.09.24"]
[EventType "team-tourn"]
[EventRounds "11"]
[EventCountry "HUN"]
[SourceTitle "EXT 2021"]
[Source "ChessBase"]
[SourceDate "2020.10.23"]
[SourceVersion "1"]
[SourceVersionDate "2020.10.23"]
[SourceQuality "1"]
[WhiteTeam "Bajnok Sakkiskola"]
[BlackTeam "Nyiregyhaza SISE"]
[WhiteTeamCountry "HUN"]
[BlackTeamCountry "HUN"]

1. c4 e5 2. Nc3 Nc6 3. g3 f5 4. Bg2 Nf6 5. d3 Bc5 6. e3 0-0 7. Nge2 a6 8. 0-0 d6 9. Nd5 Ba7 10. Rb1 g5 11. Nxf6+ Qxf6 12. f4 gxf4 13. gxf4 Kh8 14. Kh1 Bd7 15. Ng3 Rg8 16. b4 Rg6 17. b5 axb5 18. cxb5 Ne7 19. Bxb7 Rb8 20. Bf3 Qh4 21. Qe1 Rh6 22. Rb2 exf4 23. Qc3+ Kg8 24. exf4 Bb6 25. Rg2 Rg6 26. a4 Be6 27. a5 Nd5 28. Nxf5 Rxg2 29. Nxh4 Nxc3 30. axb6 Rc2 31. bxc7 Rxb5 32. f5 Bd7 33. Rg1+ Kf7 34. Bh5+ Kf6 35. Bg5+ Ke5 36. Nf3+ Kd5 37. f6 Kc6 38. f7 Rf5 39. Be7 Kxc7 40. f8Q Rxf8 41. Bxf8 Ne2 42. Rf1 Bh3 43. Ne1 Rc1 44. Bxe2 Bxf1 45. Bxf1 Rxe1 46. Kg1 Re6 47. Bg2 Kb6 48. Bg7 Kc5 49. Kf2 d5 50. d4+ Kc4 51. Bf1+ Kc3 52. Be5 Re8 53. Ke3 Rg8 54. Be2 Rg1 55. Kf3 Ra1 56. Kg4 Rg1+ 57. Kf5 Rg6 58. Bh5 Rb6 59. Bf6 Rb2 60. h4 Rf2+ 61. Ke6 Rxf6+ 62. Kxf6 Kxd4 63. Kg7 Ke5 64. Kxh7 Kf6 65. Bg6 d4 66. h5 Kg5 67. h6 Kf6 68. Kg8 1-0

[Event "HUN-chT2 Barcza 1718"]
[Site "Hungary"]
[Date "2017.12.03"]
[Round "5.1"]
[White "Guivan, Vasily"]
[Black "Dovzik, Juri"]
[Result "0-1"]
[WhiteElo "2074"]
[BlackElo "2308"]
[PlyCount "36"]
[EventDate "2017.09.24"]
[EventType "team-tourn"]
[EventRounds "11"]
[EventCountry "HUN"]
[SourceTitle "EXT 2021"]
[Source "ChessBase"]
[SourceDate "2020.10.23"]
[SourceVersion "1"]
[SourceVersionDate "2020.10.23"]
[SourceQuality "1"]
[WhiteTeam "Nyiregyhaza SISE"]
[BlackTeam "Kazincbarcika"]
[WhiteTeamCountry "HUN"]
[BlackTeamCountry "HUN"]

1. e4 c5 2. Nc3 Nc6 3. f4 e6 4. Bb5 Nge7 5. Nf3 a6 6. Bxc6 Nxc6 7. 0-0 Be7 8. d3 d5 9. Ne5 Nxe5 10. fxe5 dxe4 11. Qh5 0-0 12. Nxe4 g6 13. Qh6 Qd4+ 14. Kh1 Qxe5 15. Bd2 Qg7 16. Qe3 Qd4 17. Qg3 f5 18. Bc3 Qd5 0-1

[Event "HUN-chT2 Barcza 1617"]
[Site "Hungary"]
[Date "2016.11.13"]
[Round "4.6"]
[White "Nagy, Kalman"]
[Black "Guivan, Vasily"]
[Result "0-1"]
[WhiteElo "2018"]
[BlackElo "2032"]
[PlyCount "108"]
[EventDate "2016.09.25"]
[EventType "team-tourn"]
[EventRounds "11"]
[EventCountry "HUN"]
[SourceTitle "EXT 2021"]
[Source "ChessBase"]
[SourceDate "2020.10.23"]
[SourceVersion "1"]
[SourceVersionDate "2020.10.23"]
[SourceQuality "1"]
[WhiteTeam "Sajobabony"]
[BlackTeam "Nyiregyhaza SISE"]
[WhiteTeamCountry "HUN"]
[BlackTeamCountry "HUN"]

1. e4 c5 2. Nc3 a6 3. Nf3 d6 4. d4 cxd4 5. Nxd4 Nf6 6. Be2 e5 7. Nf3 b5 8. Bg5 Be7 9. 0-0 Bb7 10. Bxf6 Bxf6 11. Nd5 Nd7 12. c4 bxc4 13. Bxc4 0-0 14. Rc1 Nc5 15. Nxf6+ Qxf6 16. Bd5 Rab8 17. Bxb7 Rxb7 18. Qe2 Rb4 19. Rc4 Rfb8 20. b3 a5 21. Nd2 Ne6 22. Rfc1 h6 23. Qf3 Qd8 24. Qg4 g6 25. g3 h5 26. Qh3 Kg7 27. Qf1 Qg5 28. Nf3 Qf6 29. Qd1 Nc5 30. Qe2 a4 31. Rxb4 Rxb4 32. Rc4 axb3 33. Rxb4 bxa2 34. Qxa2 Qxf3 35. Qc2 h4 36. gxh4 Qg4+ 37. Kh1 Ne6 38. f3 Qxf3+ 39. Qg2 Qd1+ 40. Qg1 Qe2 41. Rb3 Qxe4+ 42. Qg2 Qe1+ 43. Qg1 Qxh4 44. Re3 Nd4 45. Qg2 Nf5 46. Re2 Qh5 47. Rd2 e4 48. Kg1 Nh4 49. Qxe4 Nf3+ 50. Kh1 Nxd2 51. Qd4+ Qe5 52. Qxd2 d5 53. Kg2 d4 54. Kf3 g5 0-1

[Event "HUN-chT2 Barcza 1516"]
[Site "Hungary"]
[Date "2016.04.17"]
[Round "11.5"]
[White "Guivan, Vasily"]
[Black "Bekesi, Janos"]
[Result "0-1"]
[WhiteElo "2028"]
[BlackElo "1991"]
[PlyCount "73"]
[EventDate "2015.09.13"]
[EventType "team-tourn"]
[EventRounds "11"]
[EventCountry "HUN"]
[SourceTitle "EXT 2017"]
[Source "ChessBase"]
[SourceDate "2016.10.25"]
[SourceVersion "1"]
[SourceVersionDate "2016.10.25"]
[SourceQuality "1"]
[WhiteTeam "Nyiregyhaza"]
[BlackTeam "Tiszavasvar"]
[WhiteTeamCountry "HUN"]
[BlackTeamCountry "HUN"]

1. e4 e6 2. d4 d5 3. e5 c5 4. c3 Nc6 5. Nf3 Nge7 6. Bd3 Ng6 7. h4 cxd4 8. cxd4 Bb4+ 9. Nc3 Bd7 10. h5 Nge7 11. a3 Bxc3+ 12. bxc3 h6 13. a4 f6 14. exf6 gxf6 15. Nh4 Qa5 16. Bd2 0-0-0 17. Ng6 Nxg6 18. hxg6 Rdg8 19. Qb1 h5 20. Rh4 Qd8 21. c4 dxc4 22. Bxc4 f5 23. g3 Rxg6 24. a5 Rg4 25. d5 exd5 26. Bxd5 Rxh4 27. gxh4 Qxh4 28. a6 Re8+ 29. Kf1 b6 30. Qc2 Qd4 31. Bxc6 Qxa1+ 32. Bc1 Qe5 33. Be3 f4 34. Qa4 Bh3+ 35. Ke1 Qc3+ 36. Ke2 fxe3 37. fxe3 0-1

[Event "Lvov Bank op rapid"]
[Site "Lvov"]
[Date "2016.03.15"]
[Round "1"]
[White "Guivan, Vasily"]
[Black "Bortnyk, Olexandr"]
[Result "0-1"]
[WhiteElo "2015"]
[BlackElo "2568"]
[PlyCount "82"]
[EventDate "2016.03.15"]
[EventType "swiss (rapid)"]
[EventRounds "11"]
[EventCountry "UKR"]
[SourceTitle "CBM 171 Extra"]
[Source "ChessBase"]
[SourceDate "2016.04.26"]
[SourceVersion "1"]
[SourceVersionDate "2016.04.26"]
[SourceQuality "1"]

1. e4 Nf6 2. e5 Nd5 3. Nc3 Nb6 4. d4 d6 5. Nf3 g6 6. h4 h6 7. Be3 Bg7 8. Qd2 Bg4 9. exd6 cxd6 10. Bb5+ Bd7 11. Be2 Nc6 12. d5 Ne5 13. Nxe5 dxe5 14. h5 g5 15. d6 e6 16. Bf3 Nc4 17. Qe2 Nxd6 18. 0-0-0 Qc7 19. Rxd6 Qxd6 20. Rd1 Qe7 21. Bxb7 0-0 22. Bxa8 Rxa8 23. Qd3 Bc6 24. f3 f5 25. Qd6 Qe8 26. Qc7 a6 27. Bb6 Rc8 28. Qa7 Qxh5 29. Qxa6 Qe8 30. a4 Ra8 31. Qc4 Bxa4 32. Rd6 Bd7 33. Qc7 Bb5 34. Qc5 Bf1 35. g4 Bf8 36. gxf5 Rc8 37. Qb4 exf5 38. Bc5 Bxd6 39. Bxd6 Qe6 40. Qb7 Rxc3 41. bxc3 Qxd6 0-1

[Event "Lvov Winter Cup"]
[Site "Lvov"]
[Date "2016.02.07"]
[Round "6"]
[White "Guivan, Vasily"]
[Black "Yatsishin, Ivan"]
[Result "1-0"]
[WhiteElo "1993"]
[BlackElo "2174"]
[PlyCount "36"]
[EventDate "2016.02.05"]
[EventType "swiss"]
[EventRounds "7"]
[EventCountry "UKR"]
[SourceTitle "EXT 2017"]
[Source "ChessBase"]
[SourceDate "2016.10.25"]
[SourceVersion "1"]
[SourceVersionDate "2016.10.25"]
[SourceQuality "1"]

1. d4 d5 2. Nf3 Nf6 3. Bf4 c5 4. e3 Qb6 5. Qc1 Nc6 6. c3 Bg4 7. Ne5 Nxe5 8. Bxe5 Nd7 9. Bg3 Rc8 10. Nd2 g6 11. Bd3 Bg7 12. 0-0 cxd4 13. exd4 Bxd4 14. Nb3 Bg7 15. Qg5 Be6 16. Nd4 f6 17. Qe3 Bf7 18. Bb5 e5 1-0

[Event "Lvov Winter Cup"]
[Site "Lvov"]
[Date "2016.02.07"]
[Round "7"]
[White "Vypkhaniuk, Igor"]
[Black "Guivan, Vasily"]
[Result "1/2-1/2"]
[WhiteElo "2333"]
[BlackElo "1993"]
[PlyCount "67"]
[EventDate "2016.02.05"]
[EventType "swiss"]
[EventRounds "7"]
[EventCountry "UKR"]
[SourceTitle "EXT 2017"]
[Source "ChessBase"]
[SourceDate "2016.10.25"]
[SourceVersion "1"]
[SourceVersionDate "2016.10.25"]
[SourceQuality "1"]

1. d4 Nf6 2. Nf3 d6 3. c4 g6 4. Nc3 Bg7 5. Bg5 Nbd7 6. e3 0-0 7. Qc2 c5 8. d5 Qa5 9. Nd2 a6 10. a4 Ne5 11. Ra3 e6 12. Be2 exd5 13. cxd5 c4 14. e4 Re8 15. 0-0 Bd7 16. h3 Rac8 17. Be3 Qc7 18. f4 Nd3 19. Bxd3 cxd3 20. Qxd3 b5 21. axb5 Bxb5 22. Nxb5 axb5 23. Rc3 Qb7 24. Rxc8 Rxc8 25. Bd4 Qc7 26. Bxf6 Bxf6 27. Qxb5 Qc2 28. Qb4 Bxb2 29. Nf3 Qe2 30. Re1 Qd3 31. Qxd6 Bc3 32. Rf1 Qxe4 33. Qd7 Qc4 34. Ng5 1/2-1/2

[Event "Lvov Euro op 1st"]
[Site "Lvov"]
[Date "2012.06.01"]
[Round "7"]
[White "Rastropin, Yuriy"]
[Black "Guivan, Vasily"]
[Result "0-1"]
[WhiteElo "1791"]
[BlackElo "2146"]
[PlyCount "67"]
[EventDate "2012.05.28"]
[EventType "swiss"]
[EventRounds "9"]
[EventCountry "UKR"]
[SourceTitle "CBM 148 Extra"]
[Source "ChessBase"]
[SourceDate "2012.06.22"]
[SourceVersion "1"]
[SourceVersionDate "2012.06.22"]
[SourceQuality "1"]

1. d4 Nf6 2. Nf3 g6 3. c4 Bg7 4. Nc3 0-0 5. e4 d6 6. Be2 e5 7. 0-0 Nc6 8. d5 Ne7 9. b4 a5 10. bxa5 Nh5 11. Re1 f5 12. Ng5 Nf4 13. Bf3 h6 14. Ne6 Nxe6 15. dxe6 Bxe6 16. Nd5 Nxd5 17. cxd5 Bd7 18. Bd2 Kh7 19. Qb3 Rb8 20. Rec1 fxe4 21. Bxe4 Qh4 22. Qe3 Rfc8 23. Rab1 Bf5 24. Bxf5 gxf5 25. Qa7 f4 26. f3 e4 27. Rc4 exf3 28. Rxf4 Qg5 29. Qf2 Qxd5 30. Qxf3 Qxd2 31. Qe4+ Kh8 32. Rff1 Re8 33. Qg6 Qe3+ 34. Kh1 0-1

[Event "Lvov Euro op 1st"]
[Site "Lvov"]
[Date "2012.05.30"]
[Round "4"]
[White "Guivan, Vasily"]
[Black "Nester, Ihor"]
[Result "0-1"]
[WhiteElo "2146"]
[BlackElo "2315"]
[PlyCount "66"]
[EventDate "2012.05.28"]
[EventType "swiss"]
[EventRounds "9"]
[EventCountry "UKR"]
[SourceTitle "CBM 148 Extra"]
[Source "ChessBase"]
[SourceDate "2012.06.22"]
[SourceVersion "1"]
[SourceVersionDate "2012.06.22"]
[SourceQuality "1"]

1. e4 e5 2. Nf3 Nc6 3. Bb5 a6 4. Ba4 Nf6 5. 0-0 Be7 6. Re1 b5 7. Bb3 d6 8. c3 0-0 9. h3 Nd7 10. a4 b4 11. d4 Rb8 12. a5 Bf6 13. Be3 Re8 14. Ba4 exd4 15. cxd4 Bb7 16. Nbd2 g6 17. Qc2 Ne7 18. Rac1 c6 19. Nb3 Nf8 20. Red1 Ne6 21. e5 Bg7 22. d5 Nxd5 23. Rxd5 cxd5 24. Bb6 Qe7 25. exd6 Qxd6 26. Bxe8 Rxe8 27. Nc5 Nxc5 28. Bxc5 Qf4 29. Be3 Qe4 30. Qxe4 dxe4 31. Nd4 Rc8 32. Re1 f5 33. g4 f4 0-1

[Event "Lvov Euro op 1st"]
[Site "Lvov"]
[Date "2012.05.29"]
[Round "2"]
[White "Guivan, Vasily"]
[Black "Firman, Nazar"]
[Result "0-1"]
[WhiteElo "2146"]
[BlackElo "2563"]
[PlyCount "64"]
[EventDate "2012.05.28"]
[EventType "swiss"]
[EventRounds "9"]
[EventCountry "UKR"]
[SourceTitle "CBM 148 Extra"]
[Source "ChessBase"]
[SourceDate "2012.06.22"]
[SourceVersion "1"]
[SourceVersionDate "2012.06.22"]
[SourceQuality "1"]

1. e4 g6 2. d4 Bg7 3. Nc3 d6 4. Be3 a6 5. h4 h5 6. Nf3 Nf6 7. Be2 Ng4 8. Bf4 b5 9. a3 0-0 10. Nh2 Nxh2 11. Rxh2 Nc6 12. g4 hxg4 13. Bxg4 Nxd4 14. Bxc8 Rxc8 15. h5 e5 16. Be3 c6 17. Bxd4 exd4 18. Ne2 Re8 19. Qd2 Rxe4 20. 0-0-0 Qb6 21. Ng3 Re6 22. h6 Bf8 23. h7+ Kh8 24. Qxd4+ Qxd4 25. Rxd4 Rce8 26. Rg4 Re1+ 27. Kd2 Rb1 28. f4 Ree1 29. Re2 Rxe2+ 30. Nxe2 Rh1 31. f5 Kg7 32. fxg6 fxg6 0-1

[Event "Mukachevo 9th"]
[Site "Mukachevo"]
[Date "2011.07.07"]
[Round "4"]
[White "Guivan, Vasily"]
[Black "Sychevskyy, Andriy"]
[Result "0-1"]
[WhiteElo "2183"]
[BlackElo "1938"]
[PlyCount "122"]
[EventDate "2011.07.05"]
[EventType "swiss"]
[EventRounds "7"]
[EventCountry "UKR"]
[SourceTitle "EXT 2012"]
[Source "ChessBase"]
[SourceDate "2011.11.24"]
[SourceVersion "1"]
[SourceVersionDate "2011.11.24"]
[SourceQuality "1"]

1. d4 Nf6 2. c4 g6 3. Nc3 Bg7 4. e4 d6 5. Nf3 0-0 6. Be2 e5 7. dxe5 dxe5 8. Qxd8 Rxd8 9. Bg5 Nbd7 10. Rd1 Rf8 11. Nd5 c6 12. Ne7+ Kh8 13. h4 Re8 14. Nxc8 Raxc8 15. h5 Kg8 16. hxg6 hxg6 17. b4 Nf8 18. c5 Nxe4 19. Bc4 Nc3 20. Rd6 b5 21. Bb3 a5 22. bxa5 Ne4 23. Rd1 Nxc5 24. Be3 Nce6 25. Ng5 Nxg5 26. Bxg5 Ne6 27. Bxe6 Rxe6 28. Rd7 c5 29. Rb7 b4 30. 0-0 e4 31. Rd1 Bd4 32. Be3 Rd6 33. Bxd4 Rxd4 34. Rc1 Rd2 35. a3 bxa3 36. a6 Rb2 37. Ra1 Rxb7 38. axb7 Rb8 39. Rxa3 Rxb7 40. Ra8+ Kg7 41. Rc8 Rb5 42. Rc6 f5 43. g4 fxg4 44. Kg2 Kh6 45. Re6 Rb4 46. Re5 Rc4 47. Kg3 g5 48. Re6+ Kh5 49. Kg2 Rd4 50. Kf1 c4 51. Ke2 g3 52. fxg3 Kg4 53. Re5 c3 54. Rc5 Rd2+ 55. Ke3 Rd3+ 56. Kxe4 Rxg3 57. Rc8 Kh3 58. Kf5 Kg2 59. Ke4 Kf2 60. Ra8 Ke2 61. Kd4 c2 0-1

[Event "Mukachevo 7th"]
[Site "Mukachevo"]
[Date "2011.05.09"]
[Round "8"]
[White "Guivan, Vasily"]
[Black "Yarmysty, Mikhail"]
[Result "0-1"]
[WhiteElo "2185"]
[BlackElo "2312"]
[PlyCount "46"]
[EventDate "2011.05.05"]
[EventType "tourn"]
[EventRounds "9"]
[EventCountry "UKR"]
[SourceTitle "EXT 2012"]
[Source "ChessBase"]
[SourceDate "2011.11.24"]
[SourceVersion "1"]
[SourceVersionDate "2011.11.24"]
[SourceQuality "1"]

1. e4 c5 2. Nf3 d6 3. d4 cxd4 4. Nxd4 Nf6 5. Nc3 Nc6 6. Be2 e5 7. Nxc6 bxc6 8. g4 Be6 9. g5 Nd7 10. Bg4 Nc5 11. Be3 Bxg4 12. Qxg4 Qa5 13. a3 Ne6 14. 0-0-0 Be7 15. h4 0-0-0 16. Nd5 cxd5 17. Rxd5 Qa6 18. Rhd1 Rd7 19. Qf5 Bd8 20. Bc5 Bc7 21. Bb4 Nd4 22. Qh3 Qe2 23. Bd2 Qxe4 0-1

[Event "Mukachevo 7th"]
[Site "Mukachevo"]
[Date "2011.05.05"]
[Round "1"]
[White "Guivan, Vasily"]
[Black "Kristofori, Attila"]
[Result "1/2-1/2"]
[WhiteElo "2185"]
[BlackElo "2089"]
[PlyCount "57"]
[EventDate "2011.05.05"]
[EventType "tourn"]
[EventRounds "9"]
[EventCountry "UKR"]
[SourceTitle "EXT 2012"]
[Source "ChessBase"]
[SourceDate "2011.11.24"]
[SourceVersion "1"]
[SourceVersionDate "2011.11.24"]
[SourceQuality "1"]

1. d4 d5 2. c4 c6 3. Nc3 Nf6 4. Nf3 a6 5. a4 g6 6. e3 Bg7 7. Ne5 Nbd7 8. Be2 Qc7 9. f4 0-0 10. 0-0 dxc4 11. Bxc4 c5 12. Nxf7 Nb6 13. Ne5+ Nxc4 14. Nxc4 cxd4 15. Qxd4 Be6 16. Nb6 Rad8 17. Qb4 Rd6 18. a5 Rfd8 19. h3 Kh8 20. Ne4 Nxe4 21. Qxe4 Qc6 22. Ra4 Rd1 23. Qxc6 bxc6 24. Ra1 c5 25. Rxd1 Rxd1+ 26. Kf2 c4 27. Na4 Bf5 28. Nc3 Rh1 29. e4 1/2-1/2

[Event "UKR-chT qual. group 2 16th"]
[Site "Alushta"]
[Date "2009.05.21"]
[Round "1"]
[White "Onischuk, Vladimir"]
[Black "Guivan, Vasily"]
[Result "1-0"]
[WhiteElo "2488"]
[BlackElo "2189"]
[PlyCount "69"]
[EventDate "2009.05.21"]
[EventType "team-tourn"]
[EventRounds "5"]
[EventCountry "UKR"]
[SourceTitle "EXT 2019"]
[Source "ChessBase"]
[SourceDate "2018.10.10"]
[SourceVersion "1"]
[SourceVersionDate "2018.10.10"]
[SourceQuality "1"]
[WhiteTeam "Kharkov Law Academy"]
[BlackTeam "Mukachevo City"]
[WhiteTeamCountry "UKR"]
[BlackTeamCountry "UKR"]

1. e4 c5 2. Nf3 g6 3. d4 cxd4 4. Nxd4 Bg7 5. Nc3 Nc6 6. Nb3 Nf6 7. Be2 0-0 8. 0-0 d6 9. Re1 a5 10. a4 Be6 11. Bb5 Ng4 12. h3 Nge5 13. f4 Nd7 14. Nd5 Nb4 15. c3 Nc6 16. Be3 Re8 17. Bf2 f6 18. Nd4 Nxd4 19. Bxd4 Rf8 20. Bxd7 Qxd7 21. Nb6 Qc6 22. Nxa8 Rxa8 23. f5 Bf7 24. b3 b5 25. axb5 Qxb5 26. c4 Qb7 27. Qc2 e5 28. fxe6 Bxe6 29. Qc3 Bd7 30. Rxa5 Rb8 31. Ra7 Qc8 32. Kh2 Bh6 33. Qf3 f5 34. exf5 Bc6 35. fxg6 1-0

[Event "Mukachevo Spring"]
[Site "Mukachevo"]
[Date "2009.02.25"]
[Round "4"]
[White "Zambor, Norbert"]
[Black "Guivan, Vasily"]
[Result "1/2-1/2"]
[WhiteElo "2308"]
[BlackElo "2210"]
[PlyCount "73"]
[EventDate "2009.02.23"]
[EventType "tourn"]
[EventRounds "11"]
[EventCountry "UKR"]
[SourceTitle "CBM 128 Extra"]
[Source "ChessBase"]
[SourceDate "2009.03.05"]
[SourceVersion "2"]
[SourceVersionDate "2009.03.25"]
[SourceQuality "1"]

1. e4 c5 2. Nf3 g6 3. c3 Bg7 4. d4 cxd4 5. cxd4 d5 6. exd5 Nf6 7. Bb5+ Bd7 8. Bc4 b5 9. Bb3 0-0 10. 0-0 a5 11. a4 bxa4 12. Bc4 Na6 13. Nc3 Nb4 14. Ne5 Rc8 15. Bg5 Bf5 16. Qxa4 Ne4 17. Nxe4 Bxe4 18. d6 Qxd6 19. Qxa5 Nc2 20. Rac1 e6 21. Bf4 Rxc4 22. Nxg6 Qd7 23. Nxf8 Bxf8 24. Qg5+ Bg6 25. Be5 Be7 26. Bf6 Bxf6 27. Qxf6 Rxd4 28. h4 h5 29. b4 Qd5 30. b5 Kh7 31. Rxc2 Bxc2 32. Qxf7+ Kh6 33. Qf6+ Bg6 34. Qh8+ Bh7 35. Qf6+ Bg6 36. Qh8+ Bh7 37. Qf6+ 1/2-1/2

[Event "Mukachevo Spring"]
[Site "Mukachevo"]
[Date "2009.02.24"]
[Round "2"]
[White "Karalkin, Maksim"]
[Black "Guivan, Vasily"]
[Result "1-0"]
[WhiteElo "2190"]
[BlackElo "2210"]
[PlyCount "87"]
[EventDate "2009.02.23"]
[EventType "tourn"]
[EventRounds "11"]
[EventCountry "UKR"]
[SourceTitle "CBM 128 Extra"]
[Source "ChessBase"]
[SourceDate "2009.03.05"]
[SourceVersion "2"]
[SourceVersionDate "2009.03.25"]
[SourceQuality "1"]

1. e4 c5 2. c3 g6 3. Nf3 Bg7 4. Bc4 e6 5. 0-0 Ne7 6. d4 d5 7. exd5 exd5 8. Bb5+ Bd7 9. Bxd7+ Nxd7 10. Bg5 f6 11. Bf4 Qb6 12. Nbd2 0-0 13. dxc5 Nxc5 14. Be3 Nf5 15. Bxc5 Qxc5 16. Nb3 Qc4 17. Re1 Rad8 18. Nfd4 Nxd4 19. Nxd4 Rf7 20. Re3 f5 21. h4 Bxd4 22. cxd4 f4 23. Re5 f3 24. g3 Qc8 25. Kh2 Qg4 26. Qd2 Rc7 27. Rae1 Qd7 28. Re6 Rf8 29. R1e5 Qb5 30. Re1 a5 31. Kg1 a4 32. h5 gxh5 33. Re7 Rc6 34. Re8 Rxe8 35. Rxe8+ Kf7 36. Rh8 Kg7 37. Rd8 Rg6 38. Qf4 Rf6 39. Qg5+ Kf7 40. Qxh5+ Ke7 41. Rxd5 Qd3 42. Qe5+ Kf7 43. Rd7+ Kg6 44. g4 1-0

[Event "Eger Tel op"]
[Site "Eger"]
[Date "2008.01.27"]
[Round "7"]
[White "Guivan, Vasily"]
[Black "Horvath, Denes"]
[Result "1-0"]
[WhiteElo "2235"]
[BlackElo "2024"]
[PlyCount "67"]
[EventDate "2008.01.24"]
[EventType "swiss"]
[EventRounds "7"]
[EventCountry "HUN"]
[SourceTitle "EXT 2011"]
[Source "ChessBase"]
[SourceDate "2010.11.26"]
[SourceVersion "1"]
[SourceVersionDate "2010.11.26"]
[SourceQuality "1"]

1. e4 e5 2. d4 exd4 3. c3 d6 4. cxd4 Nf6 5. Nc3 Be7 6. f4 c6 7. Nf3 Bg4 8. Be2 0-0 9. 0-0 Nbd7 10. f5 Bxf3 11. Bxf3 c5 12. dxc5 Nxc5 13. Bf4 Qb6 14. Kh1 Rad8 15. Qe2 Ncd7 16. g4 h6 17. Rg1 Rfe8 18. g5 hxg5 19. Bxg5 Qd4 20. Rad1 Qe5 21. Qg2 Bf8 22. Bh6 Nh7 23. Rd5 Qf6 24. Rxd6 Bxd6 25. Bxg7 Qg5 26. Qxg5 Nxg5 27. Rxg5 Kh7 28. f6 Re5 29. Rg3 Nc5 30. Rh3+ Kg6 31. Rh6+ Kg5 32. Ne2 Nxe4 33. Rh5+ Kg6 34. Nf4# 1-0